|
|
|
|
| LEADER |
00000cam a2200000 c 4500 |
| 001 |
157224562 |
| 003 |
DE-627 |
| 005 |
20251222202640.0 |
| 007 |
tu |
| 008 |
940824s1991 xxk||||| 00| ||eng c |
| 020 |
|
|
|a 0415075858
|9 0-415-07585-8
|
| 035 |
|
|
|a (DE-627)157224562
|
| 035 |
|
|
|a (DE-576)030825512
|
| 035 |
|
|
|a (DE-599)GBV157224562
|
| 035 |
|
|
|a (OCoLC)832460614
|
| 035 |
|
|
|a (OCoLC)832460614
|
| 040 |
|
|
|a DE-627
|b ger
|c DE-627
|e rakwb
|
| 041 |
|
|
|a eng
|
| 044 |
|
|
|c XA-GB
|c XD-US
|
| 082 |
0 |
|
|a 294.3/91/09
|q OCLC
|
| 084 |
|
|
|a 6,24
|a 0
|2 ssgn
|
| 084 |
|
|
|a BE 8509
|2 rvk
|0 (DE-625)rvk/10756:
|
| 100 |
1 |
|
|0 (DE-588)114840806
|0 (DE-627)609811797
|0 (DE-576)161154492
|4 aut
|a Gombrich, Richard F.
|d 1937-
|
| 109 |
|
|
|a Gombrich, Richard F. 1937-
|a Gombrich, Richard 1937-
|a Gombrich, Richard Francis 1937-
|a Gombrich, R. F. 1937-
|
| 245 |
1 |
0 |
|a Theravāda Buddhism
|b a social history from ancient Benares to modern Colombo
|c Richard F. Gombrich
|
| 250 |
|
|
|a 1. publ., repr
|
| 264 |
|
1 |
|a London [u.a.]
|b Routledge & Kegan Paul
|c 1991
|
| 300 |
|
|
|a X, 237 S
|
| 336 |
|
|
|a Text
|b txt
|2 rdacontent
|
| 337 |
|
|
|a ohne Hilfsmittel zu benutzen
|b n
|2 rdamedia
|
| 338 |
|
|
|a Band
|b nc
|2 rdacarrier
|
| 490 |
0 |
|
|a Library of religious beliefs and practices
|
| 583 |
1 |
|
|a Archivierung prüfen
|c 20200919
|f DE-640
|z 1
|2 pdager
|
| 601 |
|
|
|a Historie
|
| 601 |
|
|
|a Colombo
|
| 689 |
0 |
0 |
|d s
|0 (DE-588)4008690-2
|0 (DE-627)106366823
|0 (DE-576)20887772X
|2 gnd
|a Buddhismus
|
| 689 |
0 |
1 |
|d s
|0 (DE-588)4121773-1
|0 (DE-627)104234164
|0 (DE-576)209546026
|2 gnd
|a Therawada
|
| 689 |
0 |
|
|5 (DE-627)
|
| 700 |
1 |
|
|8 1\p
|0 (DE-588)114840806
|0 (DE-627)609811797
|0 (DE-576)161154492
|4 oth
|a Gombrich, Richard F.
|d 1937-
|
| 883 |
|
|
|8 1\p
|a cgwrk
|d 20241001
|q DE-101
|u https://d-nb.info/provenance/plan#cgwrk
|
| 935 |
|
|
|a mteo
|
| 935 |
|
|
|i Blocktest
|
| 936 |
r |
v |
|a BE 8509
|b Buddhismus in weiteren Regionen
|k Theologie und Religionswissenschaften
|k Religionswissenschaft
|k Religionsgeschichte
|k Buddhismus
|k Buddhismus in einzelnen Regionen
|k Buddhismus in weiteren Regionen
|0 (DE-627)1270654683
|0 (DE-625)rvk/10756:
|0 (DE-576)200654683
|
| 936 |
r |
u |
|a BE 8505
|b Buddha, Leben und Werk
|k Theologie und Religionswissenschaften
|k Religionswissenschaft
|k Religionsgeschichte
|k Buddhismus
|k Buddha, Leben und Werk
|0 (DE-627)1270719297
|0 (DE-576)200719297
|z Ungueltig
|
| 951 |
|
|
|a BO
|
| ELC |
|
|
|b 1
|
| LOK |
|
|
|0 000 xxxxxcx a22 zn 4500
|
| LOK |
|
|
|0 001 4426621313
|
| LOK |
|
|
|0 003 DE-627
|
| LOK |
|
|
|0 004 157224562
|
| LOK |
|
|
|0 005 20231218173641
|
| LOK |
|
|
|0 008 231205||||||||||||||||ger|||||||
|
| LOK |
|
|
|0 040
|a DE-Tue135
|c DE-627
|d DE-Tue135
|
| LOK |
|
|
|0 092
|o n
|
| LOK |
|
|
|0 852
|a DE-Tue135
|
| LOK |
|
|
|0 852 1
|9 00
|
| LOK |
|
|
|0 935
|a hdsa
|
| LOK |
|
|
|0 939
|a 05-12-23
|b l01
|
| ORI |
|
|
|a SA-MARC-ixtheoa001.raw
|
| REL |
|
|
|a 1
|
| STA |
0 |
0 |
|a Buddhism,Buddhism,Theravada,Hinayana,Lesser vehicle,Little vehicle,Buddhism
|
| STB |
0 |
0 |
|a Buddhisme,Bouddhisme,Theravāda
|
| STC |
0 |
0 |
|a Budismo,Budismo,Therawada
|
| STD |
0 |
0 |
|a Buddhismo <motivo>,Buddhismo,Buddismo,Buddismo,Buddismo (motivo),Buddismo,Theravada,Buddhismo theravada,Buddhismo theravada
|
| STE |
0 |
0 |
|a 上座部佛教,南传佛教,巴利佛教,佛教
|
| STF |
0 |
0 |
|a 上座部佛教,南傳佛教,巴利佛教,佛教
|
| STG |
0 |
0 |
|a Budismo,Budismo,Theravada
|
| STH |
0 |
0 |
|a Буддизм (мотив),Буддизм,Тхеравада
|
| STI |
0 |
0 |
|a Βουδισμός (μοτίβο),Βουδισμός,Θεραβάντα,Βουδισμός Θεραβάντα
|
| SUB |
|
|
|a REL
|
| SYG |
0 |
0 |
|a Buddhism,Zen-Buddhismus , Hinajana,Hinayana,Theravada,Theravada-Buddhismus,Kleines Fahrzeug
|